Trhy s cennými papiermi v znamení rastu

Obchody v marci 1994 na BOB, najobchodovateľnejšie spoločnosti, na BCP v Bratislave a RM-Systéme Slovakia.

Uložené v:
Podrobná bibliografia
Hlavný autor: Legéň, A.
Médium: Kapitola
Jazyk:Slovak
Predmet:
Tagy: Pridať tag
Žiadne tagy, Buďte prvý, kto otaguje tento záznam!

MARC

LEADER 00000naa a2200000 4500
001 r015147
005 20221205091402.1
041 0 |a slo 
044 |a SK 
245 1 0 |a Trhy s cennými papiermi v znamení rastu  |c A. Legéň 
520 |a Obchody v marci 1994 na BOB, najobchodovateľnejšie spoločnosti, na BCP v Bratislave a RM-Systéme Slovakia. 
610 2 0 |a BOB Bratislava 
610 2 0 |a BCP Bratislava 
610 2 0 |a RM-Systém Slovakia 
610 2 0 |a 1994 
610 2 0 |a marec 
610 2 0 |a burzy 
610 2 0 |a Slovensko 
610 2 0 |a obchody burzové 
610 2 0 |a obchody mimoburzové 
610 2 0 |a trh kapitálový 
100 1 |a Legéň, A.